Online
Catalog

Historias de cronopios y de famas / (Record no. 8832)

MARC details
000 -CABECERA
campo de control de longitud fija 00946cam a2200265 a 4500
001 - NÚMERO DE CONTROL
campo de control 000009068
005 - FECHA Y HORA DE LA ÚLTIMA TRANSACCIÓN
campo de control 20241009115416.0
008 - DATOS DE LONGITUD FIJA--INFORMACIÓN GENERAL
campo de control de longitud fija 750108s1992 mx 001 j spa
020 ## - NÚMERO INTERNACIONAL ESTÁNDAR DEL LIBRO
Número Internacional Estándar del Libro 9681902599
040 ## - FUENTE DE LA CATALOGACIÓN
Centro catalogador/agencia de origen DO-SdBNP
Centro/agencia transcriptor OTU
Centro/agencia modificador DLC
082 ## - NÚMERO DE LA CLASIFICACIÓN DECIMAL DEWEY
Número de clasificación A863.42
Número de documento/Ítem C827hi
049 ## - FONDOS LOCALES (OCLC)
Fondos de biblioteca BNGR
100 1# - ENTRADA PRINCIPAL--NOMBRE DE PERSONA
Nombre de persona Cortázar, Julio,
Fechas asociadas al nombre 1914-1984
9 (RLIN) 10688
245 10 - MENCIÓN DE TÍTULO
Título Historias de cronopios y de famas /
Mención de responsabilidad, etc. Julío Cortázar.
260 ## - PUBLICACIÓN, DISTRIBUCIÓN, ETC.
Lugar de publicación, distribución, etc. México D. F. :
Nombre del editor, distribuidor, etc. Alfaguara,
Fecha de publicación, distribución, etc. 1992.
300 ## - DESCRIPCIÓN FÍSICA
Extensión 141 p. ;
Dimensiones 20 cm.
490 1# - MENCIÓN DE SERIE
Mención de serie Alfaguara literaturas
Designación de volumen o secuencia 115
500 ## - NOTA GENERAL
Nota general El ejemplar 1 es la cuarta reimpresión de la primera edición en abril del año 1997.
500 ## - NOTA GENERAL
Nota general El ejemplar 2 es la novena reimpresión de la primera edición en junio del año 2000.
650 #4 - PUNTO DE ACCESO ADICIONAL DE MATERIA--TÉRMINO DE MATERIA
Término de materia o nombre geográfico como elemento de entrada Cuentos argentinos
9 (RLIN) 3752
650 #4 - PUNTO DE ACCESO ADICIONAL DE MATERIA--TÉRMINO DE MATERIA
Término de materia o nombre geográfico como elemento de entrada Vida cotidiana
Subdivisión general Cuentos
9 (RLIN) 16877
650 #0 - PUNTO DE ACCESO ADICIONAL DE MATERIA--TÉRMINO DE MATERIA
Término de materia o nombre geográfico como elemento de entrada Literatura
9 (RLIN) 3439
830 #0 - PUNTO DE ACCESO ADICIONAL DE SERIE-TÍTULO UNIFORME
Título uniforme Alfaguara literaturas ;
Designación de volumen o secuencia 115.
9 (RLIN) 9775
910 ## - DATOS DE OPCIÓN DEL USUARIO (OCLC)
Datos de opción del usuario Catalogación por copia / LC
Holdings
Estado de retiro Estado de pérdida Restricciones de uso No para préstamo Código de colección Localización permanente Ubicación/localización actual Ubicación en estantería Fecha de adquisición Número de inventario Total de préstamos Signatura topográfica completa Código de barras Fecha visto por última vez Precio válido a partir de Tipo de ítem Koha Número de copia
    Préstamo interno   Monografías: Libros y Folletos General General En catalogación 25.09.2009 LF1   A863.42 C827hi 9068-10 25.06.2020 25.06.2020 Préstamo interno  
    Préstamo restringido Préstamo restrigido Monografías: Libros y Folletos General General En catalogación 25.09.2009 LF1   A863.42 C827hi 9068-20 25.06.2020 25.06.2020 Préstamo interno e.2

Powered by Koha